000
00222 a2200097 4500
001
27541
100
_a
Bartlett, M.S
245
_a
Probability statistics and time
260
_a
_b
Chapman hall
_c
1975
090
_c
18330
_d
18330
942
_a
NUST-CAE
_c
M
_c
9259
999
_c
262614
_d
262614